Estadísticas para Estados de México comenzando con C

Haz click aquí para tomar la prueba!

Estadísticas generales

  • Esta prueba ha sido tomada 50 veces
  • La puntuación promedio es 4 de 5

Estadísticas de respuestas

Estado% Correcto
Chihuahua
98%
Coahuila
92%
Chiapas
83%
Colima
83%
Campeche
75%

Distribución de puntuación

Porcentaje por número respondido

Porcentaje de gente con cada puntuación

Historial de tus puntuaciones

No has tomado esta prueba